Guess K-Pop Idols Through Pictures - Statistics

General Stats
  • This quiz has been taken 891 times
  • The average score is 61 of 139
Answer Stats
Picture Answer % Correct
Soobin
78%
Bang Chan
77%
Jimin
77%
Jennie
76%
Changbin
73%
RM
73%
Suga
73%
J-Hope
72%
V
71%
Wonyoung
70%
Lisa
68%
Felix
67%
Jungkook
67%
Seungmin
67%
Rosé
66%
Hyunjin
65%
Kai
65%
Lee Know
64%
Yeonjun
64%
Jessi
63%
Jin
63%
San
63%
Yuna
63%
Nayeon
62%
Karina
61%
Taehyun
61%
Tzuyu
61%
Lia
60%
Momo
60%
Yeji
59%
I.N
58%
Mark
57%
Ryujin
57%
Winter
57%
Han
56%
Minji
56%
Sakura
56%
Yuqi
56%
Chaeryeong
54%
Chaewon
54%
Danielle
54%
Jisoo
54%
Eunchae
53%
Giselle
53%
Rei
53%
Soyeon
53%
Yunjin
53%
CL
52%
Huening Kai
52%
Jeongyeon
52%
Jihyo
52%
Sana
52%
Lily
51%
Minnie
51%
Hyein
50%
Bom
49%
Haerin
49%
Mina
49%
Dahyun
47%
Beomgyu
46%
Seulgi
46%
Irene
45%
Johnny
45%
Kazuha
45%
Belle
44%
Natty
44%
Yeosang
44%
Lucas
43%
Mingi
43%
Yujin
43%
Liz
42%
Ningning
42%
Chaeyeon
41%
Julie
41%
Taeyong
41%
Iu
40%
Wendy
40%
Chaeyoung
39%
Jeon Somi
39%
Jongho
39%
Sullyoon
39%
Hyuna
38%
Seonghwa
38%
Chen
37%
Yunho
37%
Haechan
36%
Haewon
36%
Hanni
36%
Leeseo
35%
Miyeon
35%
Shuhua
35%
Minho
34%
Sehun
34%
Taeyang
34%
Wooyoung
34%
Bae
33%
G-Dragon
33%
D.O.
32%
Gaeul
32%
Hongjoong
32%
Jaehyun
32%
Jisung
32%
Doyoung
31%
Haneul
31%
Jaemin
31%
Chanyeol
30%
Chenle
30%
Taeyeon
30%
Ten
30%
Xiaojun
30%
Soojin
29%
Suho
29%
Taemin
29%
Xiumin
28%
Winwin
26%
Baekhyun
25%
Hendery
25%
Joy
25%
Yeri
25%
Renjun
24%
Yoona
24%
Yuta
24%
Jiwoo
23%
Kyujin
23%
Hyoyeon
22%
Jeno
22%
Jungwoo
22%
Kun
21%
Lay
21%
Sunmi
21%
Sooyoung
20%
Sunny
20%
Yangyang
20%
Yena
20%
Chungha
16%
Tiffany
16%
Eunbi
15%
Seohyun
14%
Yuri
12%
No matching quizzes found
Score Distribution
Percent of People with Each Score
Percentile by Number Answered
Your Score History
You have not taken this quiz